[Event "GRE-ch U16"]
[Site "Achaia"]
[Date "2017.06.27"]
[Round "3"]
[White "Baroutis, Georgios"]
[Black "Georgakopoulos, Nikolaos K"]
[Result "0-1"]
[WhiteElo "1134"]
[BlackElo "2047"]
[PlyCount "52"]
[EventDate "2017.06.26"]
[EventType "swiss"]
[EventRounds "9"]
[EventCountry "GRE"]
[SourceTitle "CBM 179 Extra"]
[Source "ChessBase"]
[SourceDate "2017.08.23"]
[SourceVersion "1"]
[SourceVersionDate "2017.08.23"]
[SourceQuality "1"]

1. d4 d5 2. Nf3 Nf6 3. e3 Bf5 4. Be2 e6 5. b3 c6 6. Bb2 Bd6 7. Nbd2 0-0 8. 0-0 Nbd7 9. Ne5 Qc7 10. f4 Ne4 11. Ndf3 f6 12. Nxd7 Qxd7 13. Nh4 Rae8 14. c4 g5 15. Nxf5 exf5 16. Rc1 Qg7 17. Bd3 Qh6 18. g3 Kh8 19. cxd5 cxd5 20. Bb5 Re7 21. Rc2 Rg8 22. Qc1 Qh3 23. Re1 gxf4 24. exf4 Nxg3 25. Kf2 Nh1+ 26. Rxh1 Qg2# 0-1